000 00598nam a2200205Ia 4500
005 20250508162324.0
008 008 250505s9999 xx 000 0 eng d
020 _a0-306-40186-X
037 _aTextual
040 _aFEDL
_beng
_cFEDL
041 _aeng
_2eng
084 _a372.4, KOL
_qFEDL
100 _aKolers Paul A Ed.
_9772853
245 0 _aProcessing of visible language, V 1
260 _aNew York, USA
_bPlenum Press
_c1979
300 _axv,537p
700 _a Wrolstad Merald E Ed. Bouma Herman Ed.
_9772854
942 _cTEXL
_h372.4, KOL
999 _c1375826
_d1375826